000 00648cab a2200229 4500
001 WB3211-25
008 090401t1996 xxu||||| |||| 00| 0 eng d
035 _a(Sirsi) u50764
041 _aeng
245 _aNew rules on repair grants
260 _c1996
350 _a0
490 _aHerald
_v12 March 1996, 2(1)
520 _aThe Scottish Office has announced changes to the rules governing applications by householders for repair and improvement grants.
650 _aCOUNCIL TAX BANDS
650 _aRATEABLE VALUE
650 _aREPAIR GRANTS
650 _aSCOTTISH OFFICE
690 _aHOUSING
942 _n0
948 _c04/03/1997
999 _c31685
_d31685